Todo Contabilidad (Registro nro. 25917)

Detalles MARC
000 -CABECERA
Longitud fija campo de control 00742nam a22002297a 4500
003 - IDENTIFICADOR DELl NÚMERO DE CONTROL
Identificador del número de control OSt
005 - FECHA Y HORA DE LA ÚLTIMA TRANSACCIÓN
Fecha y hora de la última transacción 20160919163622.0
008 - CÓDIGOS DE INFORMACIÓN DE LONGITUD FIJA
Códigos de información de longitud fija 160919b xxu||||| |||| 00| 0 eng d
020 ## - NÚMERO INTERNACIONAL NORMALIZADO PARA LIBROS
Número Internacional Normalizado para Libros (ISBN) 978-84-8235-611-2
040 ## - FUENTE DE LA CATALOGACIÓN
Centro transcriptor CRI
082 ## - NÚMERO DE LA CLASIFICACIÓN DECIMAL DEWEY
Númeroo de clasificación 657
245 ## - MENCIÓN DE TÍTULO
Título Todo Contabilidad
Mención de responsabilidad, etc. Coordinadores: Jordi Amadi Guirado, Carlos Marín Lama; Coautores: Carlos Marín Lama, Ferran Rodríguez garcía
260 ## - PUBLICACIÓN, DISTRIBUCIÓN, ETC. (PIE DE IMPRENTA)
Lugar de publicación, distribución, etc. España
Nombre del editor, distribuidor, etc. Edición Fiscal CISS
Fecha de publicación, distribución, etc. 2007
300 ## - DESCRIPCIÓN FÍSICA
Extensión 1700 p.
Dimensiones 24 cm
490 ## - MENCIÓN DE SERIE
Mención de serie Edición Fiscal CISS
500 ## - NOTA GENERAL
Nota general Índice: p. [1617]
650 #0 - PUNTO DE ACCESO ADICIONAL DE MATERIA - TÉRMINO DE MATERIA
9 (RLIN) 877
Término de materia o nombre geográfico como elemento inicial Contabilidad
700 1# - PUNTO DE ACCESO ADICIONAL - NOMBRE DE PERSONA
9 (RLIN) 15352
Nombre de persona Amado Guirado, Jordi
700 1# - PUNTO DE ACCESO ADICIONAL - NOMBRE DE PERSONA
9 (RLIN) 39716
Nombre de persona Marín Lama, Carlos
700 1# - PUNTO DE ACCESO ADICIONAL - NOMBRE DE PERSONA
9 (RLIN) 39717
Nombre de persona Rodríguez García, Ferran
942 ## - ENTRADA DE ELEMENTOS AGREGADOS (KOHA)
Fuente de clasificaión o esquema Dewey Decimal Classification
Koha [por defecto] tipo de item 1- Monografias
Parte de clasificación prozim
Existencias
Suprimido Perdido Fuente de clasificación o esquema Estropeado Restricciones de uso No para préstamo Código de colección Localización permanente Localización actual Localización en estanter&íacute;as Fecha adquisición Fuente de adquisición Número de inventario Préstamos totales Signatura completa Código de barras Fecha última consulta Fecha último préstamo Fecha del precio de reemplazo Tipo de item de Koha
NULL NULL Dewey Decimal Classification NULL Prestable NULL NULL Biblioteca Centro Regional de Ilobasco Biblioteca Centro Regional de Ilobasco American Space 10/04/2010 CRI LI001635 1 657 TOD 1038140 21/07/2017 20/07/2017 19/09/2016 1- Monografias